Využitie potenciálu poistenia zodpovednosti
Väčšina poistných trhov krajín strednej a východnej Európy zaregistrovala v roku 2004 rýchly rast, za ktorý okrem iného vďačia predovšetkým zdravej výkonnosti ekonomiky. Nadpriemernému rastu sa teší aj poistenie zodpovednosti za škody. V článku sa uvažuje o týchto druhoch poistenia zodpovednosti: po...
Guardado en:
| Autor principal: | |
|---|---|
| Otros Autores: | |
| Formato: | Capítulo de libro |
| Lenguaje: | eslovaco |
| Materias: | |
| Etiquetas: |
Sin Etiquetas, Sea el primero en etiquetar este registro!
|
MARC
| LEADER | 00000naa$a2200000$$$4500 | ||
|---|---|---|---|
| 001 | 0041849 | ||
| 005 | 20231107122220.8 | ||
| 041 | 0 | |a slo | |
| 044 | |a SK | ||
| 245 | 1 | 0 | |a Využitie potenciálu poistenia zodpovednosti |c Patrizia Baur, Rupert Nebauer |
| 520 | |a Väčšina poistných trhov krajín strednej a východnej Európy zaregistrovala v roku 2004 rýchly rast, za ktorý okrem iného vďačia predovšetkým zdravej výkonnosti ekonomiky. Nadpriemernému rastu sa teší aj poistenie zodpovednosti za škody. V článku sa uvažuje o týchto druhoch poistenia zodpovednosti: poistenie všeobecnej komerčnej zodpovednosti, poistenie zodpovednosti za výrobok, poistenie profesijnej zodpovednosti, poistenie ručenia riaditeľov a riadiacich orgánov podniku, poistenie zodpovednosti za stiahnutie výrobkov z predaja, poistenie osobnej (súkromnej) zodpovednosti. Do analýzy poistenia zodpovednosti za škody sú zahrnuté krajiny: Bulharsko, Chorvátsko, Česko, Estónsko, Maďarsko, Lotyšsko, Litva, Poľsko, Rumunsko, Slovensko, Slovinsko. Najvýznamnejším trendom v oblasti poistenia zodpovednosti je povinné poistenie profesijnej zodpovednosti. Poistné za poistenie zodpovednosti by sa mohlo v strednodobom časovom horizonte zdvojnásobiť. | ||
| 610 | 2 | 0 | |a poistenie zodpovednosti za škody |
| 610 | 2 | 0 | |a SVE |
| 610 | 2 | 0 | |a poistné |
| 610 | 2 | 0 | |a poistníci |
| 100 | 1 | |a Baur, Patrizia | |
| 700 | 1 | |a Nebauer, Rupert | |